000 00478 a2200157 4500
999 _c7204
_d7204
020 _a0273646281
050 _aHD 30.22 DAV 2001
100 _aDavies, Howard
_eauthor
245 _aManagerial economics :
_ban analysis of business issues /
_cHoward Davies and Pun-Lee Lam
264 _aHarlow:
_bPrentice Hall,
_c2001.
300 _a535p. :
500 _aIncludes index
650 _aManagerial economics
700 _aLam, Pun-Lee
_eauthor
942 _2lcc
_cBK
_e3rd
_h30.22
_iDAV
_kHD